000 00673nam a2200205Ia 4500
005 20250508161807.0
008 008 250505s9999 xx 000 0 eng d
037 _aTextual
040 _aFEDL
_beng
_cFEDL
041 _aeng
_2eng
084 _a304.607, MEH
_qFEDL
100 _aMehta T. S. Ed.
_9770609
245 0 _aPopulation education
245 0 _cDepartment of Social Sciences and Humanities. National Institute of Education
260 _aNew Delhi, India
_bNational Council of Educational Research and Training
_c1972
300 _a164p.
700 _a Chandra Ramesh Ed.
_9771564
942 _cTEXL
_h304.607, MEH
999 _c1372238
_d1372238